| 000 | 00986cam a2200289 a 4500 | ||
|---|---|---|---|
| 999 |
_c329116 _d329116 |
||
| 001 | 1859707 | ||
| 003 | Nust | ||
| 005 | 20170424145601.0 | ||
| 008 | 820408s1982 nyu 000 1 eng | ||
| 010 | _a 82005159 | ||
| 020 | _a0374106916 | ||
| 040 |
_aDLC _cDLC _dDLC |
||
| 041 | 1 | _aengspa | |
| 050 | 0 | 0 |
_aPQ8498.32.A65 _bT513 1982 |
| 082 | 0 | 0 |
_a863 VAR _219 |
| 100 | 2 |
_aVargas Llosa, Mario, _d1936- |
|
| 240 | 1 | 0 |
_aTía Julia y el escribidor. _lEnglish |
| 245 | 1 | 0 |
_aAunt Julia and the scriptwriter / _cMario Vargas Llosa ; translated by Helen R. Lane. |
| 260 |
_aNew York : _bFarrar/Straus/Giroux, _cc1982. |
||
| 300 |
_a374 p. ; _c24 cm. |
||
| 500 | _aTranslation of: La tía Julia y el escribidor. | ||
| 650 | 0 |
_aRadio writers _xFiction. |
|
| 650 | 0 |
_aCourtship _xFiction. |
|
| 650 | 0 |
_aAunts _xFiction. |
|
| 906 |
_a7 _bcbc _corignew _d1 _eocip _f19 _gy-gencatlg |
||
| 942 |
_2ddc _cBK |
||